000 01071nam a2200241Ia 4500
003 Ost
005 20260507075019.0
008 260507s9999||||xx |||||||||||||| ||und||
020 _a9960240673
040 _cfsecg
041 _aara
082 _a510
100 _aأنتون، هوارد
_eمؤلف
245 0 _aالرياضيات وتطبيقاتها في العلوم الإدارية والإجتماعية /
_c هوارد أنتون
260 _aالرياض:
_bدار المريخ للنشر,
_c2002
300 _a900 صفحة؛
_c24 سم
520 _aالمنطق الرياضي-نظرية الفئات-البرمجة الخطية(الحل الهندسي)-الجبر الخطي،البرمجة الخطية(الطريقة الجبرية)طرق العد-التبادل والتوافق-الإحتمالات-نظرية المباريات
653 _aالإدارة
653 _aالرياضيات التطبيقية
653 _aالعلوم الإجتماعية
700 _aكولمن، برانارد
_eمؤلف ثانوي
942 _cكتاب
999 _c42255
_d42255